| 000 | 00606cam a2200229 4500 | ||
|---|---|---|---|
| 008 | 090401t1993 xxu||||| |||| 00| 0 eng d | ||
| 020 | _a0851255647 | ||
| 035 | _a(Sirsi) u33556 | ||
| 041 | _aeng | ||
| 050 | _a693.893 | ||
| 110 | _aBuilding Research Establishment | ||
| 245 | _aDamp-proof courses. | ||
| 260 |
_aGarston, Watford _bBuilding Research Establishment _c1993 |
||
| 300 | _a8p. ; 30cm. | ||
| 350 | _a0 | ||
| 490 |
_aBRE Digest _v380 |
||
| 650 | _aDAMP PROOFING | ||
| 650 | _aDAMP | ||
| 690 | _aBUILDING AND CONSTRUCTION-REPAIRS AND MAINTENANCE | ||
| 942 | _n0 | ||
| 948 | _c04/03/1997 | ||
| 999 |
_c89819 _d89819 |
||